| 000 | 00918cab a2200217 4500 | ||
|---|---|---|---|
| 001 | L136588 | ||
| 008 | 070209n2007 000 0 eng u | ||
| 035 | _a(Sirsi) u136588 | ||
| 041 | 0 | _aeng | |
| 100 | 1 | _aNeale, Jon | |
| 245 | 0 | 0 | _aEG industrial |
| 260 | _c2007 | ||
| 490 | 0 | 0 |
_aEstates Gazette _v(0705) 3 February 2007, 95-125(14) |
| 520 | _aConsiders various aspects of the industrial property market in the UK including changes in the design of warehouses, an examination of whether the UK's regional airports are less likely to grow into distribution hubs than ports with the backlash against air travel, a look at the potential impact of road charging on distribution networks, and a look at the shed sector as a potential career choice. | ||
| 590 | _aKA | ||
| 651 | 4 |
_aUnited Kingdom _y |
|
| 690 | _aPROPERTY-INDUSTRIAL PROPERTY | ||
| 700 | 1 | _aHarris, David | |
| 700 | 1 | _aOsborne, Helen | |
| 942 | _n0 | ||
| 999 |
_c78356 _d78356 |
||